Statistiken für Afrikanische Länder mit den meisten Muslimen

Klicken Sie hier um das Quiz zu spielen!

Allgemein

  • Dieses Quiz wurde 141 mal gespielt
  • Das Durchschnittsergebnis liegt bei 8 aus 10

Antwortstatistiken

# MuslimeLand%% Korrekt
96,0 mio.Ägypten92,4
96%
36,9 mio.Marokko99
94%
24,5 mio.Niger98,3
92%
44,1 mio.Algerien99
91%
112 mio.Nigeria53,5
89%
43,4 mio.Sudan97
84%
19,7 mio.Mali95
80%
16,4 mio.Senegal96,1
66%
39,8 mio.Äthiopien33,9
61%
21,5 mio.Tansania35,2
44%

Verteilung der Resultate

Perzentil nach korrekt beantworteten Fragen

Anzahl Personen mit jedem Resultat

Ihre Resultats-Entwicklung

Sie haben dieses Quiz noch nicht gespielt